Stravovanie zamestnancov, ktoré zabezpečuje sprostredkovateľská firma v sieti zmluvných stravovacích zariadení

Bibliographic Details
Main Author: Bojňanský, Jozef, 1961- (Author)
Format: Article
Language:Slovak
PhysicalDescription:Sch.
ISSN:1335-2024
Subjects:

MARC

LEADER 00000nab a2200000 a 4500
001 vtls000653035
003 SK-MaSNL
005 20260302185918.0
008 180206c1998 xo 0 slo
015 |a SNBRA1998/03-06427 
035 |a CLN000005229 
040 |a SNKBUCL  |b slo  |c SNKBUCL  |e AACR2 
041 0 |a slo 
044 |a xo  |c SK 
080 |a 336.271.1:331.835  |2 UDC-MRF-SK2 
080 |a 331.835  |2 UDC-MRF-SK2 
080 |a 64.024.5  |2 UDC-MRF-SK2 
100 1 |a Bojňanský, Jozef,  |d 1961-  |4 aut  |9 189662 
245 1 0 |a Stravovanie zamestnancov, ktoré zabezpečuje sprostredkovateľská firma v sieti zmluvných stravovacích zariadení  |c Jozef Bojňanský 
300 |b Sch. 
650 0 7 |a stravovanie zamestnancov  |x zamestnávatelia  |x daň z pridanej hodnoty  |2 snkbucl  |9 903194 
650 0 7 |a stravné lístky  |2 snkbucl  |9 104824 
650 0 7 |a daň z pridanej hodnoty  |2 snkbucl  |9 2119 
655 7 |a články z novín a časopisov  |2 snkbucl  |9 267496 
773 0 |x 1335-2024  |t Účtovníctvo. Audítorstvo. Daňovníctvo  |g Roč. 6, č. 3 (1998), s. 83-86 
850 |a Slovenská národná knižnica v Martine 
852 |a SNK  |b KIS3GCP 
958 |a RBX 
999 |c 1431421  |d 1433351